2010s Movie Characters - Statistics

General Stats
  • This quiz has been taken 73 times
  • The average score is 18 of 31
Answer Stats
Hint Answer % Correct
Pennywise It
95%
Mowgli The Jungle Book
91%
Freddie Mercury Bohemian Rhapsody
89%
Katniss Everdeen The Hunger Games
89%
Pi Patel Life of Pi
86%
James Bond Skyfall
84%
Mark Zuckerberg The Social Network
84%
Steve Rogers Captain America: The First Avenger
82%
Elton John Rocketman
82%
Tonya Harding I, Tonya
81%
Rocky Balboa Creed
79%
Kylo Ren Star Wars: The Last Jedi
75%
Alfred Pennyworth The Dark Knight Rises
70%
Neil Armstrong First Man
67%
Imperator Furiosa Mad Max: Fury Road
65%
Jordan Belfort The Wolf of Wall Street
63%
Diana Prince Wonder Woman
63%
Shuri Black Panther
58%
Dr. King Schultz Django Unchained
51%
Jyn Erso Rogue One
49%
Caesar Rise of the Planet of the Apes
42%
Gustave H. The Grand Budapest Hotel
39%
Mark Watney The Martian
39%
Solomon Northup 12 Years a Slave
33%
Nina Sayers Black Swan
33%
George Valentin The Artist
33%
Hugh Glass The Revenant
32%
Ava Ex Machina
30%
Elisa Esposito The Shape of Water
28%
Mildred Hayes Three Billboards Outside Ebbing, Missouri
18%
Terrence Fletcher Whiplash
18%
No matching quizzes found
Score Distribution
Percent of People with Each Score
Percentile by Number Answered
Your Score History
You have not taken this quiz